2023-2024 Bundesliga Top Scorers - Statistics

General Stats
  • This quiz has been taken 20 times
  • The average score is 15 of 20
Answer Stats
Hint Player Goals Team % Correct
1 Harry Kane 36 FC Bayern München
100%
2 Serhou Guirassy 28 VfB Stuttgart
100%
4 Deniz Undav 18 VfB Stuttgart
94%
15 Florian Wirtz 11 Bayer 04 Leverkusen
94%
17 Jamal Musiala 10 FC Bayern München
94%
8 Victor Boniface 14 Bayer 04 Leverkusen
94%
6 Andrej Kramariċ 15 TSG Hoffenheim
88%
3 Loïs Openda 24 RB Leipzig
88%
11 Niclas Füllkrug 12 Borussia Dortmund
88%
5 Maximilian Beier 16 TSG Hoffenheim
81%
10 Donyell Malen 13 Borussia Dortmund
75%
11 Marvin Ducksch 12 SV Werder Bremen
69%
11 Omar Marmoush 12 Eintracht Frankfurt
69%
11 Tim Kleindienst 12 1. FC Heidenheim 1846
69%
17 Alejandro Grimaldo 10 Bayer 04 Leverkusen
63%
8 Benjamin Šeško 14 RB Leipzig
63%
6 Ermedin Demirović 15 FC Augsburg
63%
15 Jonas Wind 11 VfL Wolfsburg
63%
17 Eren Dinkçi 10 1. FC Heidenheim 1846
50%
17 Robin Hack 10 Borussia Mönchengladbach
38%
No matching quizzes found
Score Distribution
Percent of People with Each Score
Percentile by Number Answered
Your Score History
You have not taken this quiz